[Event "Olimpiade 2022 - Open"]
[Site "Chennai"]
[Date "06.08.2022"]
[Round "8.20"]
[Board "3"]
[White "Howell, David W L"]
[Black "Lenaerts, Lennert"]
[Result "1-0"]
[WhiteTitle "GM"]
[BlackTitle "FM"]
[WhiteElo "2650"]
[BlackElo "2379"]
[WhiteTeam "England"]
[BlackTeam "Belgium"]
[WhiteFideId "410608"]
[BlackFideId "211435"]
[EventDate "2022.07.29"]

1. d4 d5 2. c4 c6 3. Nf3 Nf6 4. g3 Bf5 5. Nc3 e6 6. Nh4 Be4 7. f3 Bg6 8. Qb3 Qb6
9. Nxg6 hxg6 10. e3 Nbd7 11. Kf2 Qc7 12. Bd2 dxc4 13. Bxc4 b5 14. Bd3 e5 15. Kg2
Be7 16. Be1 exd4 17. exd4 Rd8 18. Bf2 Nb6 19. a4 a6 20. axb5 axb5 21. Ra6 Kf8
22. h4 Nbd5 23. Nxd5 Nxd5 24. Be4 Nb4 25. Raa1 Qd6 26. Ra7 f5 27. Bb1 Nd5 28.
Re1 Rh6 29. f4 Bf6 30. Ba2 Rh8 31. Qf3 Kg8 32. Rc1 Kh7 33. h5 Rd7 34. Ra6 Nb4
35. Raxc6 Nxc6 36. Rxc6 Qe7 37. Bb1 Bxd4 38. hxg6+ Kg8 39. Rc8+ Rd8 40. Qd5+ 1-0

[Event "Olimpiade 2022 - Open"]
[Site "Chennai"]
[Date "06.08.2022"]
[Round "8.20"]
[Board "4"]
[White "Hovhannisyan, Mher"]
[Black "Haria, Ravi"]
[Result "1/2-1/2"]
[WhiteTitle "GM"]
[BlackTitle "GM"]
[WhiteElo "2420"]
[BlackElo "2505"]
[WhiteTeam "Belgium"]
[BlackTeam "England"]
[WhiteFideId "13300865"]
[BlackFideId "415820"]
[EventDate "2022.07.29"]

1. Nf3 Nf6 2. g3 d5 3. Bg2 e6 4. O-O Be7 5. d4 O-O 6. Nbd2 b6 7. c4 Bb7 8. b3 c5
9. Bb2 Nbd7 10. e3 Rc8 11. Rc1 Rc7 12. Qe2 Qa8 13. Ne5 dxc4 14. Bxb7 Qxb7 15.
Nxd7 Nxd7 16. Nxc4 cxd4 17. Bxd4 Rfc8 18. Qg4 e5 19. Bb2 b5 20. Nd2 Rc2 21. Qe4
Qxe4 22. Nxe4 f5 23. Rxc2 Rxc2 24. Rd1 Nf8 25. Rd2 Rxb2 26. Rxb2 fxe4 27. Rc2
Ne6 28. Rc8+ Kf7 29. Rb8 a6 30. Rb6 Nc5 31. b4 Nd3 32. a3 Nb2 33. Rxa6 Nc4 34.
Kf1 h5 35. h4 g5 36. hxg5 Bxg5 37. Ke2 h4 38. gxh4 1/2-1/2

[Event "Olimpiade 2022 - Open"]
[Site "Chennai"]
[Date "06.08.2022"]
[Round "8.21"]
[Board "1"]
[White "Boruchovsky, Avital"]
[Black "Cardoso Cardoso, Jose Gabriel"]
[Result "1/2-1/2"]
[WhiteTitle "GM"]
[BlackTitle "FM"]
[WhiteElo "2551"]
[BlackElo "2493"]
[WhiteTeam "Israel"]
[BlackTeam "Colombia"]
[WhiteFideId "2800055"]
[BlackFideId "4430492"]
[EventDate "2022.07.29"]

1. e4 c5 2. Nf3 d6 3. d4 cxd4 4. Nxd4 Nf6 5. Bb5+ Bd7 6. c4 Nc6 7. Nc3 g6 8. h3
Bg7 9. Be3 O-O 10. O-O Rc8 11. Bxc6 Bxc6 12. Nxc6 Rxc6 13. b3 a6 14. Rc1 e6 15.
Bd4 Qe7 16. Re1 Rcc8 17. Qd3 Rfd8 18. Rcd1 Ne8 19. Bb6 Rd7 20. a4 Nf6 21. Qd2
Qf8 22. a5 d5 23. cxd5 Nxd5 24. Nxd5 exd5 25. e5 Qa3 26. Qe3 Rc6 27. Rd3 Bf8 28.
Qf4 Qb4 29. Re4 Qb5 30. Red4 Bg7 31. Qg3 Bf8 32. Kh2 Rc2 33. f4 Re2 34. Qf3 Re4
35. Qd1 Rxd4 36. Rxd4 Bc5 37. Bxc5 Qxc5 38. Qd2 Kf8 39. b4 Qc6 40. Rd3 Qc4 41.
Rd4 Qf1 42. Qc3 Qf2 43. Qc5+ Kg7 44. Qc3 Kf8 45. Qc8+ Kg7 46. Qc3 1/2-1/2

[Event "Olimpiade 2022 - Open"]
[Site "Chennai"]
[Date "06.08.2022"]
[Round "8.21"]
[Board "2"]
[White "Avila Pavas, Santiago"]
[Black "Nabaty, Tamir"]
[Result "1/2-1/2"]
[WhiteTitle "IM"]
[BlackTitle "GM"]
[WhiteElo "2453"]
[BlackElo "2631"]
[WhiteTeam "Colombia"]
[BlackTeam "Israel"]
[WhiteFideId "4437128"]
[BlackFideId "2809052"]
[EventDate "2022.07.29"]

1. e4 c6 2. d4 d5 3. e5 c5 4. dxc5 e6 5. a3 Bxc5 6. Nf3 Ne7 7. c4 O-O 8. Nc3
dxc4 9. Qxd8 Rxd8 10. Na4 Bd4 11. Bg5 Nbc6 12. O-O-O Kf8 13. Bxc4 Bd7 14. Ba2
Bxe5 15. Nc5 Be8 16. Nxe5 Nxe5 17. Nxb7 Nd3+ 18. Kb1 Rd7 19. Be3 Rc8 20. b4 Rxb7
21. Rxd3 a5 22. Rc1 Rxc1+ 23. Kxc1 axb4 24. axb4 Rxb4 25. Rd8 Rb7 26. Kd1 Rd7+
27. Rxd7 Bxd7 28. Bc5 g5 29. f3 f6 30. Ke2 Kf7 31. Kf2 Bc6 32. Bc4 Ng6 33. Bd6
h5 34. Bd3 Nf4 35. Bf1 e5 36. g3 Ke6 37. Ba3 Ng6 38. Bd3 Nh8 39. Bc4+ Bd5 40.
Ba6 f5 41. Bc8+ Kf6 42. f4 gxf4 43. gxf4 Ng6 44. fxe5+ Kxe5 45. Bd7 Nf4 46. Ke3
Ng2+ 47. Kf2 Nf4 48. Ke3 Ng2+ 49. Kf2 Be4 50. Bc1 Nf4 51. Bxf4+ Kxf4 52. Be6 Kg4
53. Bd7 Kh3 54. Kg1 Kh4 55. Kf2 Kg4 56. Be6 Kg5 57. Kg3 Kf6 58. Bd7 Ke5 59. Be8
f4+ 60. Kf2 h4 61. Bd7 Kf6 62. Bc8 Kg5 63. Bd7 Bf5 64. Bc6 Kg4 65. Bf3+ Kg5 66.
Bc6 Bg4 1/2-1/2

[Event "Olimpiade 2022 - Open"]
[Site "Chennai"]
[Date "06.08.2022"]
[Round "8.21"]
[Board "3"]
[White "Rodshtein, Maxim"]
[Black "Sanchez, Sebastian Felipe"]
[Result "1-0"]
[WhiteTitle "GM"]
[BlackTitle "IM"]
[WhiteElo "2596"]
[BlackElo "2440"]
[WhiteTeam "Israel"]
[BlackTeam "Colombia"]
[WhiteFideId "2806851"]
[BlackFideId "4403304"]
[EventDate "2022.07.29"]

1. Nf3 Nf6 2. c4 e6 3. g3 d5 4. Bg2 Be7 5. O-O O-O 6. d4 dxc4 7. Qc2 a6 8. a4
Bd7 9. Qxc4 Bc6 10. Bg5 Bd5 11. Qc2 Be4 12. Qc1 h6 13. Bxf6 Bxf6 14. Nbd2 Bxf3
15. Nxf3 a5 16. Qc3 Nc6 17. Rad1 Nb4 18. Ne5 c6 19. Ng4 h5 20. Nxf6+ Qxf6 21. f4
Rfd8 22. e4 g6 23. h4 Qe7 24. f5 exf5 25. exf5 Nd5 26. Rde1 Qf6 27. Qd2 gxf5 28.
Re5 Ne7 29. Qe3 Kf8 30. Be4 c5 31. Rxc5 Qxd4 32. Qxd4 Rxd4 33. Bxf5 b6 34. Rc7
Rad8 35. Bc2 Rb4 36. b3 Rg4 37. Rf3 Rd2 38. Bd3 Rd4 39. Bc4 f5 40. Rb7 Rb2 41.
Rf2 Rxf2 42. Kxf2 f4 43. Rxb6 fxg3+ 44. Kxg3 Nf5+ 45. Kf2 Nd6 46. Be2 Ke7 47.
Ra6 Rd5 48. Ra7+ Kf6 49. Rh7 Kg6 50. Rh8 Re5 51. Bd3+ Kg7 52. Rh7+ Kf6 53. Rh6+
Ke7 54. Rh7+ Kf6 55. Rc7 Nf5 56. Rc6+ Ke7 57. Bxf5 Rxf5+ 58. Ke3 Kd7 59. Ke4 Rf1
60. Rc5 Rb1 61. Rb5 Rh1 62. Rxh5 Rh3 63. Rb5 Rxh4+ 64. Kd3 Kc6 65. Rxa5 Rh3+ 66.
Kc4 Rh4+ 67. Kc3 Rh3+ 68. Kb4 Rh4+ 69. Ka3 Kb6 70. Rg5 Ka6 71. Rg6+ Ka7 72. a5
Kb7 73. b4 Ka7 74. Ka4 Rh7 75. a6 Rh5 76. b5 Rh1 77. Rg7+ Kb8 78. Ka5 Rh8 79.
Rg5 Rf8 80. b6 Ka8 81. Rc5 Rb8 82. Kb5 Rh8 83. a7 Kb7 84. Rc7+ Ka8 85. Ka6 1-0

[Event "Olimpiade 2022 - Open"]
[Site "Chennai"]
[Date "06.08.2022"]
[Round "8.21"]
[Board "4"]
[White "Valderrama Quiceno, Esteban Alb"]
[Black "Postny, Evgeny"]
[Result "1/2-1/2"]
[WhiteTitle "IM"]
[BlackTitle "GM"]
[WhiteElo "2436"]
[BlackElo "2564"]
[WhiteTeam "Colombia"]
[BlackTeam "Israel"]
[WhiteFideId "4442024"]
[BlackFideId "2804344"]
[EventDate "2022.07.29"]

1. Nf3 d5 2. g3 b6 3. Bg2 Bb7 4. O-O e6 5. d4 Nf6 6. Ne5 Nbd7 7. c4 c6 8. Nc3
Nxe5 9. dxe5 Nd7 10. cxd5 exd5 11. e4 d4 12. Qxd4 Bc5 13. Qa4 Nxe5 14. Bf4 Qb8
15. Rad1 O-O 16. Kh1 f6 17. Ne2 Qe8 18. h3 a5 19. Nd4 Bxd4 20. Qxd4 c5 21. Qc3
Qe6 22. Rd2 Rad8 23. Rfd1 Rxd2 24. Rxd2 Nc4 25. Rc2 Nd6 26. Bxd6 Qxd6 27. Rd2
Qe6 28. Kh2 Re8 29. f3 Ba6 30. a3 a4 31. h4 Qb3 32. Qc1 Bd3 33. Qe1 c4 34. Qe3
Qb5 35. Qd4 Qc6 36. Bh3 Qc7 37. Qd5+ Kf8 38. Qb5 Ra8 39. Qf5 h6 40. Qh7 Qf7 41.
Qf5 Qe8 42. Qd5 Rd8 43. Qf5 Rd6 44. Qh7 Rd8 45. Bf5 Qf7 46. Bg4 b5 47. Qf5 Qe8
48. Bh5 Qe5 49. Qg6 Kg8 50. Qf7+ Kh8 51. Bg6 Qc5 52. Bf5 Qf8 53. Qc7 Qe8 54. Kg1
Rb8 55. Bd7 Qe5 56. Qxe5 fxe5 57. Kf2 Kg8 58. Ke3 Kf7 59. f4 Ke7 60. Bg4 exf4+
61. gxf4 b4 62. axb4 Rxb4 63. Kd4 Rb8 64. h5 Rd8+ 65. Ke3 Ra8 66. Bf5 a3 67.
bxa3 Rxa3 68. Kd4 c3 69. Rg2 Kf8 70. Kxd3 c2+ 71. Kd2 Ra1 72. Kxc2 Ra2+ 73. Kd3
Rxg2 74. Ke3 Rg3+ 75. Kf2 Ra3 76. e5 Ke7 77. Bg4 Kd8 78. Bf3 Kd7 79. Kg3 Ke6 80.
Kg4 Ra1 81. Bg2 Rg1 82. Kf3 Ke7 83. Kf2 Rc1 84. Bh3 Rc3 85. Bg4 Ra3 86. Kg2 Kd8
87. Bf3 Kd7 88. Kg3 Ke6 89. Kg4 Ra1 90. Bg2 1/2-1/2

[Event "Olimpiade 2022 - Open"]
[Site "Chennai"]
[Date "06.08.2022"]
[Round "8.22"]
[Board "1"]
[White "Pasko, Llambi"]
[Black "Bjerre, Jonas Buhl"]
[Result "0-1"]
[WhiteTitle "IM"]
[BlackTitle "GM"]
[WhiteElo "2418"]
[BlackElo "2608"]
[WhiteTeam "Albania"]
[BlackTeam "Denmark"]
[WhiteFideId "4701178"]
[BlackFideId "1444948"]
[EventDate "2022.07.29"]

1. d4 Nf6 2. c4 e6 3. Nf3 c5 4. d5 exd5 5. cxd5 d6 6. Nc3 g6 7. e4 Bg7 8. Nd2
O-O 9. Be2 Re8 10. O-O Nbd7 11. Re1 a6 12. a4 Ne5 13. Nf1 Rb8 14. Ne3 h5 15. h3
Nh7 16. f4 Nd7 17. Bd3 Qh4 18. Nc4 Bd4+ 19. Be3 Bxe3+ 20. Rxe3 b5 21. axb5 axb5
22. g3 Qf6 23. e5 dxe5 24. Ne4 Qh8 25. Ncd6 exf4 26. Qf1 Qd4 27. Qxf4 Rf8 28.
Rd1 Nb6 29. Nxc5 Qxc5 30. Ne4 Qd4 31. Be2 g5 32. Qf3 Qg7 33. Bxb5 Bxh3 34. Qxh5
Bf5 0-1

[Event "Olimpiade 2022 - Open"]
[Site "Chennai"]
[Date "06.08.2022"]
[Round "8.22"]
[Board "2"]
[White "Andersen, Mads"]
[Black "Ashiku, Franc"]
[Result "1-0"]
[WhiteTitle "GM"]
[BlackTitle "IM"]
[WhiteElo "2587"]
[BlackElo "2422"]
[WhiteTeam "Denmark"]
[BlackTeam "Albania"]
[WhiteFideId "1413864"]
[BlackFideId "4700066"]
[EventDate "2022.07.29"]

1. d4 Nf6 2. c4 g6 3. Nc3 Bg7 4. e4 d6 5. Nf3 O-O 6. Be2 e5 7. O-O exd4 8. Nxd4
Re8 9. f3 c6 10. Nc2 Na6 11. Kh1 Nc7 12. Bg5 h6 13. Bh4 d5 14. cxd5 cxd5 15. Qe1
g5 16. Bg3 Nh5 17. Rd1 Nxg3+ 18. Qxg3 d4 19. f4 Ne6 20. f5 Nc5 21. Qf3 Qe7 22.
Nxd4 Nxe4 23. Nd5 Qe5 24. Nb5 Rd8 25. Nbc7 Rb8 26. f6 Be6 27. Nxe6 Qxe6 28. Bc4
Nxf6 29. Rde1 Nxd5 30. Rxe6 fxe6 31. Qf7+ Kh8 32. Qxe6 Nf4 33. Qe3 Rbc8 34. Bb3
b6 35. g3 Re8 36. Qf3 Ne2 37. Bf7 Nd4 38. Qg4 Rf8 39. h4 Rc7 40. Qh5 Ne6 41. Rf6
Rc1+ 42. Kh2 Rxf7 43. Qxf7 Nc5 44. Rg6 1-0

[Event "Olimpiade 2022 - Open"]
[Site "Chennai"]
[Date "06.08.2022"]
[Round "8.22"]
[Board "3"]
[White "Mehmeti, Dritan"]
[Black "Thybo, Jesper Sondergaard"]
[Result "1/2-1/2"]
[WhiteTitle "IM"]
[BlackTitle "GM"]
[WhiteElo "2371"]
[BlackElo "2520"]
[WhiteTeam "Albania"]
[BlackTeam "Denmark"]
[WhiteFideId "4700600"]
[BlackFideId "1438832"]
[EventDate "2022.07.29"]

1. d4 d5 2. Nf3 Nf6 3. e3 e6 4. c4 c5 5. Nc3 a6 6. a3 dxc4 7. Bxc4 b5 8. Be2 Bb7
9. O-O Nbd7 10. dxc5 Nxc5 11. b4 Qxd1 12. Rxd1 Nb3 13. Rb1 Nxc1 14. Rbxc1 Rc8
15. Nxb5 axb5 16. Bxb5+ Ke7 17. Rxc8 Bxc8 18. Ne5 Ne8 19. e4 f6 20. Nc6+ Kf7 21.
Nd8+ Ke7 22. Nc6+ Kf7 23. Nd8+ Ke7 24. Nc6+ 1/2-1/2

[Event "Olimpiade 2022 - Open"]
[Site "Chennai"]
[Date "06.08.2022"]
[Round "8.22"]
[Board "4"]
[White "Rasmussen, Allan Stig"]
[Black "Veleshnja, Zino"]
[Result "1-0"]
[WhiteTitle "GM"]
[WhiteElo "2550"]
[BlackElo "2263"]
[WhiteTeam "Denmark"]
[BlackTeam "Albania"]
[WhiteFideId "1406000"]
[BlackFideId "4701313"]
[EventDate "2022.07.29"]

1. d4 Nf6 2. g3 e6 3. Bg2 d5 4. Nf3 c5 5. c4 Be7 6. O-O O-O 7. dxc5 Bxc5 8. Nc3
dxc4 9. Qa4 Nc6 10. Qxc4 Be7 11. Rd1 Qa5 12. a3 e5 13. Ng5 Qc5 14. Qd3 Nd4 15.
e3 Ne6 16. b4 Qc7 17. Nd5 Rd8 18. Nxe6 1-0

[Event "Olimpiade 2022 - Open"]
[Site "Chennai"]
[Date "06.08.2022"]
[Round "8.23"]
[Board "1"]
[White "Kuybokarov, Temur"]
[Black "Keinanen, Toivo"]
[Result "1/2-1/2"]
[WhiteTitle "GM"]
[BlackTitle "IM"]
[WhiteElo "2583"]
[BlackElo "2477"]
[WhiteTeam "Australia"]
[BlackTeam "Finland"]
[WhiteFideId "14203049"]
[BlackFideId "509825"]
[EventDate "2022.07.29"]

1. e4 e6 2. d4 d5 3. Nc3 Nf6 4. e5 Nfd7 5. f4 c5 6. Nf3 Nc6 7. Be3 Qb6 8. Na4
Qa5+ 9. c3 b6 10. Bd2 c4 11. b4 Nxb4 12. cxb4 Bxb4 13. Qc2 Bxd2+ 14. Nxd2 O-O
15. Be2 b5 16. Nc3 b4 17. Nd1 f6 18. Nf3 Qb6 19. Nf2 fxe5 20. fxe5 Nb8 21. O-O
Nc6 22. Rad1 Bd7 23. h4 Rf5 24. Ng4 Raf8 25. Kh1 Be8 26. Qd2 Bh5 27. Ngh2 Rf4
28. Ng5 c3 29. Qc1 Rxf1+ 30. Rxf1 Bxe2 31. Rxf8+ Kxf8 32. Qf4+ Ke7 33. Qf7+ Kd8
34. Nxe6+ Kc8 35. Nc5 c2 36. Qf5+ Kb8 37. Qxc2 Nxd4 38. Nd7+ Kb7 39. Qd2 Qb5 40.
Qxd4 Qxd7 41. Qxb4+ Qb5 42. Qe7+ Kb6 43. Qd6+ Kb7 44. Qe7+ Kb6 45. Qd6+ Kb7 46.
Qe7+ 1/2-1/2

[Event "Olimpiade 2022 - Open"]
[Site "Chennai"]
[Date "06.08.2022"]
[Round "8.23"]
[Board "2"]
[White "Sklyarov, Dmitry V."]
[Black "Cheng, Bobby"]
[Result "0-1"]
[WhiteTitle "IM"]
[BlackTitle "GM"]
[WhiteElo "2474"]
[BlackElo "2540"]
[WhiteTeam "Finland"]
[BlackTeam "Australia"]
[WhiteFideId "4157052"]
[BlackFideId "4300033"]
[EventDate "2022.07.29"]

1. e4 c5 2. c3 Nf6 3. e5 Nd5 4. d4 cxd4 5. cxd4 d6 6. Nf3 Nc6 7. Bc4 dxe5 8.
Bxd5 Qxd5 9. Nc3 Qd6 10. d5 Nd4 11. Nxd4 exd4 12. Qxd4 e5 13. Qd3 Bd7 14. O-O f5
15. Re1 Kf7 16. a4 Qf6 17. Bd2 a6 18. Nd1 Bd6 19. Qb3 b5 20. axb5 axb5 21. Rxa8
Rxa8 22. Bb4 Ra1 23. Rf1 Bxb4 24. Qxb4 Ra4 25. Qb3 Qd6 26. Nc3 Ra5 27. Na2 b4
28. Qxb4 Qxb4 29. Nxb4 Rb5 30. Nc2 Rc5 31. Na3 Rxd5 32. Rc1 Ke6 33. f3 g5 34.
Nc4 Rc5 35. Kf2 Kf6 36. Rc3 Be6 37. Ne3 Rb5 38. Rc2 h5 39. h3 Rb6 40. Rd2 Rb5
41. Nd1 Rb4 42. Ne3 Kg6 43. Re2 Ra4 44. Rc2 Kf6 45. Rd2 Ra2 46. Nd1 Ra1 47. Nc3
Rc1 48. Ne2 Rc4 49. Ng3 Kg6 50. Re2 f4 51. Ne4 g4 52. hxg4 hxg4 53. g3 gxf3 54.
Kxf3 Bd5 55. gxf4 Kf5 56. fxe5 Kxe5 57. Ke3 Bxe4 58. b4 Rxb4 59. Rd2 Rb3+ 60.
Ke2 Bf3+ 61. Kf2 Kf4 62. Rd4+ Be4 63. Rd2 Rh3 64. Ke2 Rg3 65. Kf2 Bd3 66. Ke1
Ke3 67. Re2+ Kd4 68. Rf2 Kc3 69. Rf4 Rg2 70. Rf3 Ra2 71. Rf4 Re2+ 72. Kd1 Re3 0-1

[Event "Olimpiade 2022 - Open"]
[Site "Chennai"]
[Date "06.08.2022"]
[Round "8.23"]
[Board "3"]
[White "Tan, Justin2"]
[Black "Sipila, Vilka"]
[Result "1/2-1/2"]
[WhiteTitle "GM"]
[BlackTitle "IM"]
[WhiteElo "2508"]
[BlackElo "2416"]
[WhiteTeam "Australia"]
[BlackTeam "Finland"]
[WhiteFideId "3206882"]
[BlackFideId "505455"]
[EventDate "2022.07.29"]

1. e4 e6 2. d4 d5 3. e5 c5 4. c3 Nc6 5. Nf3 Bd7 6. Be2 Qb6 7. O-O a5 8. dxc5
Bxc5 9. a4 Nge7 10. Bd3 f6 11. exf6 gxf6 12. Nd4 Ne5 13. Bb5 Bxd4 14. cxd4 Bxb5
15. axb5 N5g6 16. Nc3 O-O 17. Ra4 Qd6 18. g3 b6 19. Re1 Nf5 20. Qf3 Qd7 21. h4
Rf7 22. h5 Nf8 23. Qd3 Rc8 24. Re2 Rg7 25. Bf4 Qf7 26. Nxd5 Nxg3 27. fxg3 exd5
28. Qf5 Qd7 29. Qxd7 Nxd7 30. Re6 Rc2 31. Ra3 Nf8 32. Re8 Rxb2 33. Bd6 Rf7 34.
Rc3 Kg7 35. Rcc8 Kh6 36. Bxf8+ Kxh5 37. Bd6 Kg4 38. Rc3 Rd7 39. Bb8 Rxb5 40.
Rg8+ Kf5 41. Re3 h5 42. Rf8 Kg6 43. Re6 Rf7 44. Rd8 a4 45. Bf4 Kf5 46. Rc6 Ra7
47. Rdd6 a3 48. Rxf6+ Ke4 49. Rfe6+ Kxd4 50. Be5+ Kd3 51. Rc3+ Kd2 52. Rec6 Rc5
53. R3xc5 bxc5 54. Rxc5 a2 55. Rxd5+ Ke2 56. Kg2 a1=Q 57. Bxa1 Rxa1 58. Rxh5 Kd3
59. Re5 Kd4 60. Re8 Ra7 61. g4 Ra3 62. Kf2 Rb3 63. Re1 Ra3 64. g5 Ra5 65. Rg1
Ke5 66. Kg3 Ra8 1/2-1/2

[Event "Olimpiade 2022 - Open"]
[Site "Chennai"]
[Date "06.08.2022"]
[Round "8.23"]
[Board "4"]
[White "Koykka, Pekka"]
[Black "Zhao, Zong-Yuan"]
[Result "1/2-1/2"]
[WhiteTitle "FM"]
[BlackTitle "GM"]
[WhiteElo "2361"]
[BlackElo "2513"]
[WhiteTeam "Finland"]
[BlackTeam "Australia"]
[WhiteFideId "504319"]
[BlackFideId "3202534"]
[EventDate "2022.07.29"]

1. e4 e5 2. Nf3 Nf6 3. Nxe5 d6 4. Nf3 Nxe4 5. Qe2 Qe7 6. d3 Nf6 7. Bg5 Qxe2+ 8.
Bxe2 Be7 9. c4 h6 10. Bf4 Nc6 11. Nc3 Bf5 12. h3 g5 13. Be3 O-O-O 14. O-O-O Be6
15. Nd4 Nxd4 16. Bxd4 c5 17. Be3 d5 18. d4 dxc4 19. dxc5 Nd5 20. Bxc4 Nxe3 21.
Bxe6+ fxe6 22. fxe3 Bxc5 23. Kc2 Bxe3 24. Rhe1 Rxd1 25. Nxd1 Bc5 26. Rxe6 Kd7
27. Rg6 Re8 28. Nc3 Re6 29. Rg7+ Kc6 30. Rh7 b5 31. a4 b4 32. Nb5 a6 33. Nc7
Re2+ 34. Kd3 Rxb2 35. Nxa6 Rxg2 36. Rxh6+ Kd5 37. Nxc5 Kxc5 38. Rh8 Rg3+ 39. Kc2
b3+ 40. Kb2 Kb4 41. Rb8+ Kxa4 42. Ra8+ Kb4 43. Rb8+ Kc4 44. Rc8+ Kd4 45. Rh8 Ke4
46. Rh6 Kf3 47. Rh5 Kf4 48. Ka3 Re3 49. Kb2 Rd3 50. Ka3 Rg3 51. Kb2 Kf3 52. Ka3
Ke4 53. Kb2 Kd4 54. Rh8 Kc4 55. Rc8+ Kd4 56. Rh8 Ke5 57. Rh6 Rf3 58. Ka3 Kd4 59.
Kb2 Rg3 1/2-1/2

[Event "Olimpiade 2022 - Open"]
[Site "Chennai"]
[Date "06.08.2022"]
[Round "8.24"]
[Board "1"]
[White "Peralta, Fernando"]
[Black "Chukavin, Kirill"]
[Result "1-0"]
[WhiteTitle "GM"]
[BlackTitle "FM"]
[WhiteElo "2591"]
[BlackElo "2418"]
[WhiteTeam "Argentina"]
[BlackTeam "Estonia"]
[WhiteFideId "105309"]
[BlackFideId "4503023"]
[EventDate "2022.07.29"]

1. d4 Nf6 2. c4 e6 3. Nc3 Bb4 4. e3 O-O 5. Bd3 d5 6. cxd5 exd5 7. a3 Bd6 8. Qc2
c6 9. Nge2 a5 10. O-O Na6 11. Bd2 Re8 12. Ng3 g6 13. Rae1 c5 14. Bb5 Bd7 15.
Bxa6 bxa6 16. dxc5 Bxc5 17. Nxd5 Nxd5 18. Qxc5 Bb5 19. e4 Nc7 20. Bxa5 Bxf1 21.
Bxc7 Qd7 22. Ba5 Bb5 23. Bc3 Qe7 24. Qd4 f6 25. Qxf6 Qxf6 26. Bxf6 Kf7 27. Bc3
Rad8 28. f3 h5 29. h4 Ke6 30. Kf2 Rf8 31. Ne2 Bxe2 32. Kxe2 Rf4 33. Rh1 Rf7 34.
Rh3 Rg8 35. Ke3 Rd7 36. Ke2 g5 37. hxg5 Rxg5 38. g3 Rh7 39. f4 Rg4 40. Kf3 Rg8
41. Rh1 Rd7 42. f5+ 1-0

[Event "Olimpiade 2022 - Open"]
[Site "Chennai"]
[Date "06.08.2022"]
[Round "8.24"]
[Board "2"]
[White "Volodin, Aleksandr"]
[Black "Perez Ponsa, Federico"]
[Result "1/2-1/2"]
[WhiteTitle "GM"]
[BlackTitle "GM"]
[WhiteElo "2454"]
[BlackElo "2554"]
[WhiteTeam "Estonia"]
[BlackTeam "Argentina"]
[WhiteFideId "4501950"]
[BlackFideId "117927"]
[EventDate "2022.07.29"]

1. d4 Nf6 2. c4 e6 3. g3 d5 4. Bg2 Bb4+ 5. Bd2 a5 6. a3 Be7 7. Qc2 O-O 8. Nf3
Nbd7 9. O-O c6 10. Bf4 b6 11. Nbd2 Ba6 12. Rfe1 Nh5 13. Be5 Rc8 14. e4 Nxe5 15.
dxe5 d4 16. Nb3 c5 17. Nc1 g6 18. a4 Bb7 19. Nd3 f5 20. exf6 Bxf6 21. e5 Be7 22.
Qe2 Qd7 23. Nd2 Bxg2 24. Kxg2 Qc6+ 25. Kg1 Rf7 26. Qg4 Rcf8 27. Re4 Ng7 28. b3
Rf5 29. Re2 g5 30. h3 h5 31. Qe4 Qxe4 32. Rxe4 Kh7 33. Kg2 Kg6 34. Rf1 R5f7 35.
g4 Ne8 36. Re2 Nc7 37. f3 Na6 38. Ne4 Nb4 39. Nxb4 axb4 40. Ra2 hxg4 41. hxg4
Ra8 42. Nf2 Rh7 43. Rfa1 Bd8 44. Nd3 Bc7 45. Rh1 Rxh1 46. Kxh1 Bd8 47. Kg2 Be7
48. Rf2 Rh8 49. Rf1 Rh7 50. a5 bxa5 51. Ra1 Bd8 52. Nxc5 Bb6 53. Nxe6 Re7 54. f4
gxf4 55. Nxf4+ Kg5 56. Nd5 Rxe5 57. Nxb6 Kxg4 58. Rd1 Re2+ 59. Kf1 Re3 60. Rxd4+
Kf3 61. c5 Rxb3 62. Ke1 Ke3 63. Rd1 Ke4 64. Rc1 Rh3 65. Rd1 b3 66. Nc4 Rh1+ 67.
Kd2 Rxd1+ 68. Kxd1 Kd5 1/2-1/2

[Event "Olimpiade 2022 - Open"]
[Site "Chennai"]
[Date "06.08.2022"]
[Round "8.24"]
[Board "3"]
[White "Krysa, Leandro"]
[Black "Shishkov, Andrei"]
[Result "1-0"]
[WhiteTitle "GM"]
[BlackTitle "IM"]
[WhiteElo "2515"]
[BlackElo "2366"]
[WhiteTeam "Argentina"]
[BlackTeam "Estonia"]
[WhiteFideId "116807"]
[BlackFideId "4500563"]
[EventDate "2022.07.29"]

1. d4 Nf6 2. c4 e6 3. Nf3 d5 4. Nc3 c5 5. e3 a6 6. cxd5 exd5 7. Bd3 Nc6 8. O-O
Bd6 9. dxc5 Bxc5 10. e4 d4 11. e5 Nxe5 12. Nxe5 dxc3 13. Qa4+ Bd7 14. Nxd7 Qxd7
15. Re1+ Be7 16. Qxd7+ Nxd7 17. bxc3 Nc5 18. Bc4 Rd8 19. a4 Nd3 20. Bxd3 Rxd3
21. Ba3 Rd7 22. Rab1 Kd8 23. Bxe7+ Rxe7 24. Rxe7 Kxe7 25. Rxb7+ Ke6 26. Rb6+ Kd5
27. Rxa6 Rc8 28. h4 Rxc3 29. Ra7 Ke6 30. g3 Ra3 31. a5 h5 32. Ra6+ Ke7 33. Kf1 1-0

[Event "Olimpiade 2022 - Open"]
[Site "Chennai"]
[Date "06.08.2022"]
[Round "8.24"]
[Board "4"]
[White "Kanep, Meelis"]
[Black "Flores, Diego"]
[Result "0-1"]
[WhiteTitle "GM"]
[BlackTitle "GM"]
[WhiteElo "2417"]
[BlackElo "2528"]
[WhiteTeam "Estonia"]
[BlackTeam "Argentina"]
[WhiteFideId "4501047"]
[BlackFideId "108049"]
[EventDate "2022.07.29"]

1. d4 Nf6 2. c4 e6 3. Nf3 d5 4. g3 Bb4+ 5. Bd2 a5 6. Bg2 O-O 7. O-O dxc4 8. Qc2
Bxd2 9. Nbxd2 b5 10. a4 c6 11. b3 cxb3 12. Nxb3 b4 13. e4 Nbd7 14. Ne5 Nxe5 15.
dxe5 Nd7 16. Qxc6 Ba6 17. Rfd1 Nxe5 18. Rxd8 Nxc6 19. Rd6 Ne5 20. Nxa5 Bd3 21.
Nb3 Rfb8 22. f4 Bc2 23. Nd2 Ng4 24. Bf3 h5 25. h3 Nf6 26. e5 Nd5 27. Nc4 b3 28.
Nb2 h4 29. Kf2 hxg3+ 30. Kxg3 Ra5 31. Bxd5 exd5 32. Re1 Rc5 33. Kf2 Rb4 34. e6
fxe6 35. Rexe6 Be4 0-1

[Event "Olimpiade 2022 - Open"]
[Site "Chennai"]
[Date "06.08.2022"]
[Round "8.25"]
[Board "1"]
[White "Baburin, Alexander"]
[Black "Ragger, Markus"]
[Result "1/2-1/2"]
[WhiteTitle "GM"]
[BlackTitle "GM"]
[WhiteElo "2400"]
[BlackElo "2647"]
[WhiteTeam "Ireland"]
[BlackTeam "Austria"]
[WhiteFideId "2500914"]
[BlackFideId "1610856"]
[EventDate "2022.07.29"]

1. d4 Nf6 2. c4 g6 3. Nf3 Bg7 4. g3 d5 5. cxd5 Nxd5 6. Bg2 Nb6 7. O-O Nc6 8. e3
O-O 9. Nc3 Re8 10. d5 Na5 11. Nd4 Bd7 12. b3 c6 13. dxc6 Nxc6 14. Nxc6 Bxc6 15.
Bxc6 bxc6 16. Bb2 c5 17. Qe2 c4 18. bxc4 Qc8 19. Nd5 Bxb2 20. Nxb6 axb6 21. Qxb2
Qxc4 22. Qxb6 Rxa2 23. Rxa2 Qxa2 24. Qb7 Qa8 25. Qxa8 Rxa8 26. h4 h5 27. Kg2 Kg7
28. Kf3 Ra2 29. Rb1 Kf6 30. Rb6+ e6 1/2-1/2